Mucho ruido y pocas nueces /

Una de las obras más populares de Shakespeare a lo largo del tiempo, ésta es, segúnáSwinburne, su creación más lograda en el entrelazamiento de diversos hilos en la trama. La historia tradicional de una dama calumniada en su castidad se combina con la de un par impar que denuesta ingeniosamente el m...

Full description

Bibliographic Details
Main Author: Shakespeare, William 1564-1616
Format: Libro
Language:Spanish
Published: Buenos Aires Losada 2004
Series:Biblioteca clásica y contemporánea. Losada clásica
Subjects:
Online Access:

MARC

LEADER 00000cam a2200000 a 4500
001 021057
003 UAHC_CL
005 20170803121942.0
008 121002s2004 ag 000 d spa
020 |a 9500306034 
040 |a UAHC_CL  |c UAHC_CL  |d UAHC_CL 
082 0 4 |a 822.33  |b S527  |2 20 
100 1 |a Shakespeare, William  |d 1564-1616 
245 1 0 |a Mucho ruido y pocas nueces /  |c William Shakespeare ; introducción, traducción y notas de Pablo Ingberg. 
260 |b Losada  |a Buenos Aires  |c 2004 
300 |a 260 p. 
490 0 |a Biblioteca clásica y contemporánea. Losada clásica 
520 |a Una de las obras más populares de Shakespeare a lo largo del tiempo, ésta es, segúnáSwinburne, su creación más lograda en el entrelazamiento de diversos hilos en la trama. La historia tradicional de una dama calumniada en su castidad se combina con la de un par impar que denuesta ingeniosamente el matrimonio pero acaba en él, y con la bufonesca irrupción de unos guardias que amenazan con desbarrancar la solución pero terminan trayéndola. 
650 4 |a DRAMAS INGLESES 
653 |a ACTUACION TEATRAL 
900 |a 822.33 SHAP 
942 |c BK 
952 |0 0  |1 0  |4 0  |6 822_330000000000000_SHAP  |7 0  |8 General  |9 41979  |a BS  |b BS  |c General  |d 2017-08-03  |l 0  |o 822.33 SHAP  |p 1401576  |r 2025-11-26 00:00:00  |t 1  |w 2017-08-03  |y BK 
952 |0 0  |1 0  |4 0  |6 822_330000000000000_SHAP  |7 0  |8 General  |9 41980  |a BS  |b BS  |c General  |d 2017-08-03  |l 0  |o 822.33 SHAP  |p 1401577  |r 2025-11-26 00:00:00  |t 2  |w 2017-08-03  |y BK 
999 |c 21057  |d 21057